| 000 | 00496nam a22001937a 4500 | ||
|---|---|---|---|
| 003 | CEME | ||
| 005 | 20210628202129.0 | ||
| 008 | 210113b xxu||||| |||| 00| 0 eng d | ||
| 020 | _a9789332519077 | ||
| 040 | _c. | ||
| 082 | _a519.2 ROS | ||
| 100 |
_aRoss, Sheldon _958379 |
||
| 245 | _aA first course in probability | ||
| 250 | _a9TH | ||
| 260 |
_aINDIA _bPEARSON EDUCATION _c2015 |
||
| 300 | _a455P | ||
| 650 |
_aPROBABILITY MODELS.INTRODUCTION TO PROBABILITY. _958380 |
||
| 942 |
_cBK _2ddc |
||
| 999 |
_c568577 _d568577 |
||